000 01075nam a22002777a 4500
003 KOHA_MİRAKIL
005 20260330114030.0
008 260330b tu ||||| |||| 00| 0 tur d
020 _a9789757064619
040 _aTR-AnABB
_btur
_cTR-AnABB
041 _atur
082 _a814.42
_bKOC 1996
100 1 _aKocaman, Ahmet
245 1 0 _aSöylem üzerine /
_cAhmet Kocaman, Şükriye Ruhi, Deniz Zeyrek, Dilek Doltaş, Işın Bengi Öner , Gürkan Doğan
260 _aAnkara :
_bHitit Yayınevi,
_c1996
300 _a169 sayfa ;
_c18 cm
500 _aYazar imzalı
505 _aDil bilim söylemi / Ahmet Kocaman ; Söylem ve Birey / Şükriye RUhi ; Söylem ve Toplum / Deniz Zeyrek; Söylem ve Yazın / Dilek Doltaş ; Söylem ve Çeviri / Işın Bengi-Öner ; Söylemin Yorumlanması / Gürkan Doğan
650 0 4 _aTürk edebiyatı, deneme
700 1 _aRuhi, Şükriye
_93204
700 1 _aZeyrek, Deniz
_93205
700 1 _aBengi-Öner, Işın
_93206
700 1 _aDoltaş, Dilek
_93207
700 1 _aDoğan, Gürkan
_93208
942 _2ddc
_cBK
999 _c10085
_d10085
900 _bCan ÇELIK